| 000 | 00762cam a22001935a 4500 | ||
|---|---|---|---|
| 001 | L155974 | ||
| 008 | 120424s1869 xxk f 000 0 eng d | ||
| 035 | _a(Sirsi) u155974 | ||
| 041 | 0 | _aeng | |
| 110 | 2 |
_aAtchley and Co. _96046 |
|
| 245 | 0 | 0 |
_aAtchley's builders' price book for 1869 _bcontaining a complete list of the present prices of builders' materials and labour, and of all trades in connection with building ... arranged for the use of architects ... &c. _cby P. Thompson ... |
| 260 |
_a[London] _bAtchley and Co. _c1868 |
||
| 300 |
_a12, xii, 348, [84] p. _c17 cm. |
||
| 583 |
_aCondition reviewed _c20120620 _lcondition level 1 |
||
| 651 | 4 |
_aGreat Britain _y1707- |
|
| 690 |
_aConstruction management _96230 |
||
| 700 | 1 | _aThompson, P. | |
| 942 | _n0 | ||
| 999 |
_c113954 _d113954 |
||